00205nam a2200085Ia 4500008004100000041000800041100001800049245002800067260002400095230508s9999 xx 000 0 und d aeng aCHOUDHARI S K aDESIGN OF MACHINE TOOLS bALL IND.COUNCIL FOR